City by Buddhist Temple - Statistics

General Stats
  • This quiz has been taken 58 times
  • The average score is 7 of 16
Answer Stats
Picture Answer % Correct
Bangkok
90%
Beijing
84%
Kyoto
80%
Lhasa
73%
Seoul
71%
Phnom Penh
65%
Ho Chi Minh City
59%
Singapore
59%
Kuala Lumpur
43%
Ulaanbaatar
39%
Mandalay
31%
Los Angeles
18%
Auckland
12%
Berlin
10%
Birmingham
4%
Sao Paulo
4%
No matching quizzes found
Score Distribution
Percent of People with Each Score
Percentile by Number Answered
Your Score History
You have not taken this quiz